01340cam a2200301 a 450000500170000000800410001702000180005802000150007604000470009104100080013804400070014608200160015324500900016925000110025926000720027030000340034250000360037650400420041250501490045465000500060365000550065365000410070870000350074970000500078494200150083499900170084995201720086620150624155536.0120622s2011 ck a b 000 0 spa d a9789588677033 a9588677033 aUkCUcCUDdPITdOCLCFdOCLdDLCdCo-BoIAVH aspa ack 4a172.4bC26c00aColombia :buna política exterior en transición /cDiego Cardona Cardona, editor. a1. ed. 3aBogotá :bFundación Friderich Ebert en Colombia, FESCOL,c2011. a 469 p. bgraf., tab.c23 cm. aContiene anexos estadísticos. aIncluye referencias bibliográficas. aPrimera parte. Algunos asuntos de la política exterior. Segunda parte. Las prioridades geográficas. Anexos estadísticos: Federico Salcedo. 4aRelaciones exterioresy1974-zColombia934787 4aRelaciones exterioresxEconomíazColombia934788 4aPolítica exteriorzColombia9347891 aCardona, Diego.eEditor9347901 aValderrama, Juan AndréseCoordinador934782 2ddccLIBRO c17475d17475 00102ddc40708GENERALIINV2017aBogotabBogotad2015-06-24eInstitutog39000.00l0oLB-172.4 C26cp039093r2015-06-24 00:00:00tEj. 1w2015-06-24xDonaciónyLIBRO